Animals that begin with P. - Statistics

General Stats
  • This quiz has been taken 1,845 times
  • The average score is 12 of 18
Answer Stats
Hint Answer % Correct
A female swan pen
97%
Antarctican bird that cannot fly penguin
96%
Native to China and eats bamboo panda
95%
Boar or sow pig
93%
White fur mammals that live in the Arctic polar bear
86%
Has sharp quills. porcupine
80%
Mammal that can lay eggs platypus
79%
Tiny organisms that live in the sea plankton
77%
Another name for shrimp prawn
77%
A small dolphin porpoise
70%
Found mostly in cities pigeon
64%
Lives in rainforests and flies parrot
60%
A freshwater fish that loves meat piranha
60%
the symbol of NBC peacock
57%
A small ^ parakeet
36%
Small, fluffy dog coming from Germany pomeranian
33%
Members of the weasel family polecat
16%
Edible sea snail periwinkle
9%
No matching quizzes found
Score Distribution
Percent of People with Each Score
Percentile by Number Answered
Your Score History
You have not taken this quiz